000 00809nas a2200253 4500
001 BR0404365
003 BR-BrBNA
005 20231205104827.0
007 ta
008 230509b bl.|||p| |||| 00| 00por d
040 _aBR-BrBNA
_bpor
_cBiblioteca Nacional de Agricultura
041 _a(Pt)
072 _aH10
100 1 _aSilveira, L.C.P.
100 1 _aBueno, V.H.P.
245 1 _aOrius insidiosus (Say, 1832)(Heteroptera, Anthocoridae): sensibilidade ao fotoperíodo e diapausa reprodutiva?
650 _aHETEROPTERO
650 _aCONTROLE BIOLÓGICO
650 _aINSETO
650 _aPRAGA DE PLANTA
773 0 _tRevista Brasileira de Entomologia (Brazil)
_xISSN 0085-5626
_g(Oct-Dec 2003), v. 47(4) p. 631-635
_wBR0404365
909 _a202311
_bLúcia
_c55
_dLúcia Elande
942 _2AGRIS
_n0
_cANA
999 _c179857
_d179857